Medical-Surgical Nursing in Canada : (Record no. 21901)

MARC details
000 -LEADER
fixed length control field 01900cam a22004934a 4500
001 - CONTROL NUMBER
control field 16151593
003 - CONTROL NUMBER IDENTIFIER
control field MUT
005 - DATE AND TIME OF LATEST TRANSACTION
control field 20240606081547.0
007 - PHYSICAL DESCRIPTION FIXED FIELD--GENERAL INFORMATION
fixed length control field co cnu||||||||
008 - FIXED-LENGTH DATA ELEMENTS--GENERAL INFORMATION
fixed length control field 100324s2006 onca b 001 0 eng c
010 ## - LIBRARY OF CONGRESS CONTROL NUMBER
LC control number 2010286724
016 7# - NATIONAL BIBLIOGRAPHIC AGENCY CONTROL NUMBER
Record control number 101275043
Source DNLM
016 ## - NATIONAL BIBLIOGRAPHIC AGENCY CONTROL NUMBER
Record control number 20059062932
020 ## - INTERNATIONAL STANDARD BOOK NUMBER
International Standard Book Number 9780779699698
020 ## - INTERNATIONAL STANDARD BOOK NUMBER
International Standard Book Number 0779699696
035 ## - SYSTEM CONTROL NUMBER
System control number (OCoLC)ocm70929152
040 ## - CATALOGING SOURCE
Original cataloging agency NLM
Transcribing agency MUT
Modifying agency NLC
-- CGC
-- OCLCG
-- CNCGM
-- DLC
042 ## - AUTHENTICATION CODE
Authentication code pcc
050 00 - LIBRARY OF CONGRESS CALL NUMBER
Classification number RT41
Item number .L49 2006
055 #0 - CLASSIFICATION NUMBERS ASSIGNED IN CANADA
Classification number RT41
Item number L49 2006
060 00 - NATIONAL LIBRARY OF MEDICINE CALL NUMBER
Classification number 2006 H-966
060 10 - NATIONAL LIBRARY OF MEDICINE CALL NUMBER
Classification number WY 100
Item number M4893 2006
082 00 - DEWEY DECIMAL CLASSIFICATION NUMBER
Classification number 617/.0231
Edition information 22
100 ## - MAIN ENTRY--PERSONAL NAME
Relationship Lewis, Sharon
245 00 - TITLE STATEMENT
Title Medical-Surgical Nursing in Canada :
Remainder of title Assessment and Management of Clinical Problems /
250 ## - EDITION STATEMENT
Edition statement 1st Canadian ed.
260 ## - PUBLICATION, DISTRIBUTION, ETC.
Place of publication, distribution, etc. Toronto :
Name of publisher, distributor, etc. Elsevier,Mosby;
Date of publication, distribution, etc. c2006.
300 ## - PHYSICAL DESCRIPTION
Extent xxxiii, 1895p. :
Other physical details ill. +
Accompanying material 1 CD-ROM (4 3/4 in.)
504 ## - BIBLIOGRAPHY, ETC. NOTE
Bibliography, etc. note Includes bibliographical references and index.
538 ## - SYSTEM DETAILS NOTE
System details note System requirements for accompanying CD-ROM: Windows; Macintosh.
650 #0 - SUBJECT ADDED ENTRY--TOPICAL TERM
Topical term or geographic name entry element Nursing
Form subdivision Textbooks.
650 #0 - SUBJECT ADDED ENTRY--TOPICAL TERM
Topical term or geographic name entry element Surgical nursing
Form subdivision Textbooks.
650 12 - SUBJECT ADDED ENTRY--TOPICAL TERM
Topical term or geographic name entry element Nursing Care
Geographic subdivision Canada.
650 22 - SUBJECT ADDED ENTRY--TOPICAL TERM
Topical term or geographic name entry element Nursing Assessment
Geographic subdivision Canada.
650 22 - SUBJECT ADDED ENTRY--TOPICAL TERM
Topical term or geographic name entry element Perioperative Nursing
Geographic subdivision Canada.
650 #6 - SUBJECT ADDED ENTRY--TOPICAL TERM
Topical term or geographic name entry element Soins infirmiers
Form subdivision Manuels d'enseignement supérieur.
650 #6 - SUBJECT ADDED ENTRY--TOPICAL TERM
Topical term or geographic name entry element Soins infirmiers en chirurgie
Form subdivision Manuels d'enseignment supérior.
700 1# - ADDED ENTRY--PERSONAL NAME
Personal name Lewis, Sharon, Mantik.
700 1# - ADDED ENTRY--PERSONAL NAME
Personal name Heitkemper, Margaret M.
Fuller form of name (Margaret McLean)
700 1# - ADDED ENTRY--PERSONAL NAME
Personal name Dirksen, Shannon Ruff.
906 ## - LOCAL DATA ELEMENT F, LDF (RLIN)
a 7
b cbc
c pccadap
d 2
e ncip
f 20
g y-gencatlg
942 ## - ADDED ENTRY ELEMENTS (KOHA)
Source of classification or shelving scheme Library of Congress Classification
Koha item type Books
Holdings
Withdrawn status Lost status Source of classification or shelving scheme Damaged status Not for loan Home library Current library Shelving location Date acquired Source of acquisition Total checkouts Full call number Barcode Date last seen Price effective from Koha item type
    Library of Congress Classification     Murang'a University of Technology Library Murang'a University of Technology Library General stacks 28/06/2022 Donation- TFC   RT41 .L49 2006 030437 30/08/2024 28/06/2022 Books